Top 200 Fantasy Football Points Scorers - Statistics

General Stats
  • This quiz has been taken 16 times
  • The average score is 92 of 200
Answer Stats
Rank Team Answer % Correct
9 LAR Matthew Stafford
100%
3 ATL Bijan Robinson
87%
1 SF Christian McCaffrey
87%
15 DAL Dak Prescott
87%
64 PHI DeVonta Smith
87%
8 NE Drake Maye
87%
92 LV Geno Smith
87%
4 DET Jahmyr Gibbs
87%
7 SEA Jaxon Smith-Njigba
87%
6 IND Jonathan Taylor
87%
5 BUF Josh Allen
87%
81 LAC Keenan Allen
87%
191 NYJ Mason Taylor
87%
2 LAR Puka Nacua
87%
50 NYG Wan'Dale Robinson
87%
46 PHI AJ Brown
80%
11 DET Amon-Ra St. Brown
80%
30 LV Ashton Jeanty
80%
13 CHI Caleb Williams
80%
24 CIN Chase Brown
80%
19 PHI Jalen Hurts
80%
16 CIN Ja'Marr Chase
80%
47 DET Jameson Williams
80%
32 DAL Javonte Williams
80%
36 GB Jordan Love
80%
28 LAR Kyren Williams
80%
119 KC Marquise Brown
80%
23 KC Patrick Mahomes
80%
37 PHI Saquon Barkley
80%
10 JAX Trevor Lawrence
80%
40 PIT Aaron Rodgers
73%
170 NO Alvin Kamara
73%
26 TB Baker Mayfield
73%
117 JAX Brian Thomas Jr.
73%
66 DAL CeeDee Lamb
73%
43 LAR Davante Adams
73%
25 BAL Derrick Henry
73%
12 MIA De'Von Achane
73%
74 PIT DK Metcalf
73%
21 DAL George Pickens
73%
85 NE Hunter Henry
73%
18 BUF James Cook
73%
33 NYG Jaxson Dart
73%
123 CIN Joe Burrow
73%
22 LAC Justin Herbert
73%
29 JAX Travis Etienne
73%
148 MIN Aaron Jones
67%
17 DEN Bo Nix
67%
27 NO Chris Olave
67%
154 SEA Cooper Kupp
67%
38 CHI D'Andre Swift
67%
41 IND Daniel Jones
67%
95 CHI DJ Moore
67%
34 GB Josh Jacobs
67%
53 BAL Lamar Jackson
67%
127 SF Mac Jones
67%
132 ARI Marvin Harrison Jr.
67%
35 SEA Sam Darnold
67%
58 HOU CJ Stroud
60%
20 DET Jared Goff
60%
84 NO Juwan Johnson
60%
70 SEA Kenneth Walker III
60%
42 HOU Nico Collins
60%
183 TB Tez Johnson
60%
133 NYG Theo Johnson
60%
69 KC Travis Kelce
60%
14 ARI Trey McBride
60%
104 MIA Tua Tagovailoa
60%
172 BUF Ty Johnson
60%
31 BAL Zay Flowers
60%
90 LV Brock Bowers
53%
49 CAR Bryce Young
53%
48 DEN Courtland Sutton
53%
129 HOU Jayden Higgins
53%
68 MIA Jaylen Waddle
53%
65 MIN Justin Jefferson
53%
126 BAL Mark Andrews
53%
62 IND Michael Pittman Jr.
53%
54 CIN Tee Higgins
53%
80 IND Alec Pierce
47%
118 TB Bucky Irving
47%
75 TEN Cam Ward
47%
78 PHI Dallas Goedert
47%
97 DET David Montgomery
47%
179 GB Emmanuel Wilson
47%
173 NYJ Garrett Wilson
47%
83 LAC Ladd McConkey
47%
45 ARI Michael Wilson
47%
57 NE Stefon Diggs
47%
55 CAR Tetairoa McMillan
47%
105 NO Tyler Shough
47%
59 NYJ Breece Hall
40%
88 SF Brock Purdy
40%
134 NYG Cam Skattebo
40%
139 CAR Chuba Hubbard
40%
63 ATL Drake London
40%
102 SF George Kittle
40%
39 ARI Jacoby Brissett
40%
73 DAL Jake Ferguson
40%
51 PIT Jaylen Warren
40%
44 PIT Kenneth Gainwell
40%
56 ATL Kyle Pitts
40%
147 ATL Michael Penix Jr.
40%
195 HOU Nick Chubb
40%
79 JAX Parker Washington
40%
152 MIA Parker Washington
40%
114 TB Rachaad White
40%
86 NE Rhamondre Stevenson
40%
165 DET Sam LaPorta
40%
187 TB Sean Tucker
40%
101 LV Tre Tucker
40%
61 NE TreVeyon Henderson
40%
71 IND Tyler Warren
40%
103 NYG Tyrone Tracy Jr.
40%
82 SEA Zach Charbonnet
40%
124 GB Christian Watson
33%
100 CHI Colston Loveland
33%
67 TB Emeka Egbuka
33%
168 DEN Evan Engram
33%
93 SF Jauan Jennings
33%
156 WAS Jayden Daniels
33%
155 DEN JK Dobbins
33%
111 CIN Joe Flacco
33%
120 IND Josh Downs
33%
113 KC Kareem Hunt
33%
131 CHI Luther Burden III
33%
106 SEA Rashid Shaheed
33%
52 CAR Rico Dowdle
33%
99 GB Romeo Doubs
33%
157 WAS Terry McLaurin
33%
77 TEN Tony Pollard
33%
135 WAS Zach Ertz
33%
109 SEA AJ Barner
27%
144 LAR Blake Corum
27%
200 PIT Calvin Austin
27%
136 TEN Chimere Dike
27%
137 BUF Dalton Kincaid
27%
87 HOU Dalton Schultz
27%
166 BUF Dawson Knox
27%
72 WAS Deebo Samuel
27%
76 CLE Harold Fannin Jr.
27%
198 KC Isiah Pacheco
27%
116 WAS Jacory Croskey-Merritt
27%
188 CAR Jalen Coker
27%
146 CLE Jerry Jeudy
27%
140 MIN JJ McCarthy
27%
122 MIN Jordan Addison
27%
115 NYJ Justin Fields
27%
141 NE Kayshon Boutte
27%
167 ATL Kirk Cousins
27%
138 WAS Marcus Mariota
27%
125 LAC Oronde Gadsden II
27%
159 PIT Pat Freiermuth
27%
94 LAC Quentin Johnston
27%
108 KC Rashee Rice
27%
193 SF Ricky Pearsall
27%
112 CHI Rome Odunze
27%
161 MIN TJ Hockenson
27%
151 GB Tucker Kraft
27%
107 HOU Woody Marks
27%
190 CAR Xavier Legette
27%
163 KC Xavier Worthy
27%
196 NYJ Adonai Mitchell
20%
189 CIN Andrei Iosivas
20%
142 TEN Chig Okonkwo
20%
128 LAR Colby Parkinson
20%
192 MIA Darren Waller
20%
199 CLE David Njoku
20%
197 CLE Dylan Sampson
20%
91 JAX Jakobi Meyers
20%
130 MIN Jordan Mason
20%
184 SF Kendrick Bourne
20%
98 BUF Khalil Shakir
20%
150 LAC Kimani Vidal
20%
110 CHI Kyle Monangai
20%
121 LAC Omarion Hampton
20%
96 CLE Quinshon Judkins
20%
60 DEN RJ Harvey
20%
158 DAL Ryan Flournoy
20%
174 No Spencer Rattler
20%
162 TEN Tyjae Spears
20%
143 ATL Tyler Allgeier
20%
182 ARI Bam Knight
13%
194 JAX Bhayshul Tuten
13%
149 JAX Brenton Strange
13%
145 TB Cade Otton
13%
176 NYG Darius Slayton
13%
178 NE DeMario Douglas
13%
186 TEN Gunner Helm
13%
180 SF Jake Tonges
13%
171 MIN Jalen Nailor
13%
169 BUF Keon Coleman
13%
160 NE Mack Hollins
13%
175 ARI Michael Carter
13%
89 DEN Troy Franklin
13%
177 HOU Xavier Hutchinson
13%
185 WAS Chris Rodriguez Jr.
7%
164 NYG Devin Singletary
7%
153 TEN Elic Ayomanor
7%
181 DEN Marvin Mims Jr.
7%
No matching quizzes found
Score Distribution
Percent of People with Each Score
Percentile by Number Answered
Your Score History
You have not taken this quiz